Μέσα από το σκοτεινό καθρέφτη

Saved in:
Bibliographic Details
Main Author: Gaarder, Jostein, 1952-
Format: Book
Language:Greek
Norwegian
Published: Αθήνα : Εκδοτικός Οργανισμός Λιβάνη, 1998.
Series:Ξένη λογοτεχνία (Εκδοτικός Οργανισμός Λιβάνη)
Subjects:
Tags: Add Tag
No Tags, Be the first to tag this record!

MARC

LEADER 00000cam a2200000 a 4500
001 1/123273
008 210624s1998####gr | ||| |||| ||gre||
020 |a 9602368918 
040 |a GR-MyUa  |b gre  |c GR-MyUa  |e AACR2 
041 1 |a gre  |h nor 
082 7 |a 839.823   |2 (23) 
100 1 |a Gaarder, Jostein,   |d 1952- 
245 1 0 |a Μέσα από το σκοτεινό καθρέφτη /   |c Γιοστέιν Γκάαρντερ ; μετάφραση: Μαρία Αγγελίδου. 
260 |a Αθήνα :   |b Εκδοτικός Οργανισμός Λιβάνη,   |c 1998. 
300 |a 267 σ. ;   |c 21 εκ. 
490 1 |a (Ξένη λογοτεχνία / Εκδοτικός Οργανισμός Λιβάνη) 
500 |a Τίτλος πρωτοτύπου: I et speil, i en gate. 
650 0 |a Norwegian fiction 
830 0 |a Ξένη λογοτεχνία (Εκδοτικός Οργανισμός Λιβάνη) 
852 |a INST  |b SYROS  |e 20210622  |h 839.823 GAA  |p 005500014190  |q 005500014190  |t BK  |y 0 
970 |a Κοντού  |b Παρασκευή  |z 24/06/2021